[Event "TUR-ch (Women)"]
[Site "Cesme"]
[Date "2016.03.11"]
[Round "7"]
[White "Ayan, Bengu Sena"]
[Black "Eytemis, Gulsum"]
[Result "1-0"]
[WhiteElo "1717"]
[BlackElo "1488"]
[PlyCount "107"]
[EventDate "2016.03.07"]
[EventType "swiss"]
[EventRounds "9"]
[EventCountry "TUR"]
[SourceTitle "CBM 171 Extra"]
[Source "ChessBase"]
[SourceDate "2016.04.26"]
[SourceVersion "1"]
[SourceVersionDate "2016.04.26"]
[SourceQuality "1"]

1. d4 Nf6 2. c4 g6 3. Nc3 Bg7 4. e4 d6 5. f3 0-0 6. Be3 c6 7. Nge2 e5 8. d5 c5 9. Ng3 Ne8 10. Bd3 a6 11. Qc2 Nd7 12. 0-0 h5 13. Qd2 h4 14. Nh1 h3 15. g3 Kh7 16. Nf2 Ndf6 17. f4 Nh5 18. f5 gxf5 19. exf5 Bf6 20. g4 Nf4 21. Bxf4 exf4 22. Qxf4 Rg8 23. Nxh3 Bd4+ 24. Kh1 Qh4 25. Qg3 Qxg4 26. Qxg4 Rxg4 27. Be2 Rg7 28. Rab1 Nf6 29. Bd3 Kg8 30. Ne2 Be5 31. Nef4 Bxf4 32. Nxf4 b5 33. b3 Ng4 34. Rbe1 Ne5 35. f6 Rg5 36. h4 Rg4 37. Rg1 Rxg1+ 38. Rxg1+ Kh8 39. Be2 b4 40. h5 Bf5 41. Rd1 Rg8 42. Rg1 Rxg1+ 43. Kxg1 Bb1 44. Bd1 Bxa2 45. Ne6 Nd3 46. Nd8 Kg8 47. h6 Nc1 48. Nxf7 Bxb3 49. Bxb3 Nxb3 50. Nxd6 Nd2 51. f7+ Kf8 52. h7 Nf3+ 53. Kf2 Kg7 54. h8Q+ 1-0